English aristocratic women, 1450-1550 : marriage and family, property and careers (Record no. 260357)

MARC details
000 -LEADER
fixed length control field 00800nam a2200217Ia 4500
008 - FIXED-LENGTH DATA ELEMENTS--GENERAL INFORMATION
fixed length control field 191130s2002##################000#0#eng##
020 ## - INTERNATIONAL STANDARD BOOK NUMBER
ISBN 9780195056204
082 ## - DEWEY DECIMAL CLASSIFICATION NUMBER
Classification number 305.420942 HAR
100 ## - MAIN ENTRY--AUTHOR NAME
Personal name Harris, Barbara J
245 ## - TITLE STATEMENT
Title English aristocratic women, 1450-1550 : marriage and family, property and careers
Statement of responsibility, etc Barbara J. Harris
260 ## - PUBLICATION, DISTRIBUTION, ETC. (IMPRINT)
Place of publication Oxford
Name of publisher Oxford University Press
Year of publication 2002
300 ## - PHYSICAL DESCRIPTION
Number of Pages xiv, 346 p. : ports. ; 25 cm
500 ## - GENERAL NOTE
General note Includes bibliographical references (p. 309-332) and index
650 ## - SUBJECT ADDED ENTRY--TOPICAL TERM
Topical Term Aristocracy (Social class) - England - History
Topical Term Upper class women - England - History
Topical Term Women - England - History - Renaissance, 1450-1600
991 ## -
-- 177970
Holdings
Withdrawn status Lost status Damaged status Not for loan Home library Current library Shelving location Date acquired Full call number Accession Number Price effective from Koha item type
        Anna Centenary Library Anna Centenary Library 3RD FLOOR, B WING 13.10.2020 305.420942 HAR 280990 13.10.2020 English Books

Find us on the map